| 000 | 00808nab a2200241 u 4500 | ||
|---|---|---|---|
| 001 | 11387 | ||
| 003 | HDC | ||
| 007 | cr bn ---aaaaa | ||
| 008 | 210207c9999 |r|noo 0 a eng d | ||
| 040 | _aHDC | ||
| 245 | 0 | _aGCC visitors to push Croatian tourism receipts to record $8bn | |
| 260 |
_a[no place] : _b[publisher not identified], _c[no year] |
||
| 336 |
_atext _2rdacontent |
||
| 337 |
_acomputer _2rdamedia |
||
| 338 |
_aonline resource _2rdacarrier |
||
| 650 |
_aMiddle East tourists _911687 |
||
| 650 |
_aTourism industry _92298 |
||
| 710 | _aAME Info (EN) | ||
| 856 | _zRequest full-text at [email protected] | ||
| 942 | _2lcc | ||
| 942 | _cNEWS | ||
| 942 | _kNWSO 001314 | ||
| 999 |
_c8710 _d8710 |
||